000 00477nam a22001937a 4500
003 MPLRDC
005 20220104124519.0
008 210129b ||||| |||| 00| 0 eng d
020 _a7-5358-0778-X
082 _a308.9 ZXKX v.2
100 _a郭治
245 _a
_c
250 _a一版二刷
260 _a
_b湖南少年儿童出版社
_c1993
300 _b
490 _a最新科学知识丛书
650 _a儿童用科学丛书
942 _cBK
_o308.9 ZXKX v.2
999 _c19942
_d19932